| 000 | 01164nam a22002417a 4500 | ||
|---|---|---|---|
| 003 | DO-SdBNP | ||
| 005 | 20230411154456.0 | ||
| 007 | ta | ||
| 008 | 220906b2013 dr ||||| |||| 00| 0 spa d | ||
| 020 | _a9789945007794 | ||
| 040 |
_aDO-SdBNP _bspa _cBNPHU |
||
| 082 | 4 | _222 | |
| 245 | 1 | 0 |
_aJuicio a Reagan : _btribunal Antiimperialista de Nuestra América ; capítulo del Ecuador / _cJuan Bosch ; prólogo Jorge Núñez… [et al.] |
| 260 |
_aSanto Domingo : _bFundación Juan Bosch, _c2013. |
||
| 300 |
_a86 p. ; _c23 cm. |
||
| 490 | 1 |
_aBosch Vive ; _v7 |
|
| 505 | 0 |
_aPrólogo a esta nueva edición -- _tLas agresiones Yanquis a América Latina / _rJorge Núñez -- _tYo acuso a Ronald Reagan / _rManuel Medina Castro -- _tGuerra a muerte al imperialismo norteamericano / _rGuillermo Torriello -- _tNos quieren imponer un tipo de democracia / _rJuan Bosch -- _tReagan ha violado el derecho internacional / _rJuan Isaac Lovato -- _tLa defensa / _rAlfonso Jara Moral _tVeredicto: Reagan culpable. |
|
| 590 | _aInventariado, 2022 /LP | ||
| 700 | 1 |
_aNúñez, Jorge, _eprólogo _982324 |
|
| 830 | 0 |
_aBosch vive ; _n7 _982325 |
|
| 910 | _aLopérez | ||
| 942 |
_2ddc _cLBS1 |
||
| 999 |
_c52359 _d52359 |
||